Ultimate guide to project management / (Record no. 345825)
[ view plain ]
| 000 -LEADER | |
|---|---|
| fixed length control field | 01730 a2200205 4500 |
| 020 ## - INTERNATIONAL STANDARD BOOK NUMBER | |
| International Standard Book Number | 1932531726 |
| 020 ## - INTERNATIONAL STANDARD BOOK NUMBER | |
| International Standard Book Number | 9781932531725 |
| 082 04 - DEWEY DECIMAL CLASSIFICATION NUMBER | |
| Classification number | 658.404 |
| 090 ## - LOCALLY ASSIGNED LC-TYPE CALL NUMBER (OCLC); LOCAL CALL NUMBER (RLIN) | |
| -- | 3342 |
| -- | 3342 |
| 100 1# - MAIN ENTRY--PERSONAL NAME | |
| Personal name | Kemp, Sid. |
| 245 10 - TITLE STATEMENT | |
| Title | Ultimate guide to project management / |
| Statement of responsibility, etc. | Sid Kemp. |
| 250 ## - EDITION STATEMENT | |
| Edition statement | 1st ed. |
| 260 ## - PUBLICATION, DISTRIBUTION, ETC. | |
| Place of publication, distribution, etc. | [S.l.] : |
| Name of publisher, distributor, etc. | Entrepreneur Press, |
| Date of publication, distribution, etc. | 2005. |
| 300 ## - PHYSICAL DESCRIPTION | |
| Extent | 400 p. ; |
| Dimensions | 25 cm. |
| 500 ## - GENERAL NOTE | |
| General note | Paperback. |
| 520 ## - SUMMARY, ETC. | |
| Summary, etc. | Project management is the art - and science - of making change work, and small businesses are swimming - or sinking - in a sea of change. You can't afford to make mistakes - you have to get it right the first time. Author Sid Kemp scales down the best practices of Fortune 500 companies and major consultants to make them work for you. This practical guide breaks down each problem-solving activity step-by-step and includes tools, forms, and instructions both in the book and on the enclosed CD-ROM. You'll learn: the three stages of every project - ensure your project's success from the very beginning; how to plan, implement, and evaluate your projects so you know what to do, how to do it and when it's done; how to prioritize projects so you can tackle them all without interference; and, how to develop projects that solve problems and seize opportunities.Every business challenge - whether it's writing a business plan, developing an ad campaign or getting your company out of hot water - is a project. The essential strategies provided will help you get it done right every time. |
| 856 40 - ELECTRONIC LOCATION AND ACCESS | |
| Materials specified | Amazon.com |
| Uniform Resource Identifier | <a href="http://www.amazon.com/exec/obidos/ASIN/1932531726/chopaconline-20">http://www.amazon.com/exec/obidos/ASIN/1932531726/chopaconline-20</a> |
| 856 40 - ELECTRONIC LOCATION AND ACCESS | |
| Materials specified | Amazon customer reviews |
| Uniform Resource Identifier | <a href="http://www.chopac.org/cgi-bin/tools/azrev.pl?q=1932531726">http://www.chopac.org/cgi-bin/tools/azrev.pl?q=1932531726</a> |
| 942 ## - ADDED ENTRY ELEMENTS (KOHA) | |
| Institution code [OBSOLETE] | NBS |
| Koha item type | Book |
| Call number prefix | 658.404 KEM |
| Withdrawn status | Lost status | Damaged status | Not for loan | Permanent Location | Current Location | Date acquired | Total Checkouts | Full call number | Barcode | Date last seen | Date last checked out | Price effective from | Koha item type |
|---|---|---|---|---|---|---|---|---|---|---|---|---|---|
| Central Library (CL) | Central Library (CL) | 08/28/2013 | 1 | 658.404 KEM | NBS6991 | 05/12/2015 | 05/06/2015 | 08/28/2013 | Book |
